Представление документа в формате RUSMARC

ПолеНазваниеЗначение
  Тип записи a
  Библиографический уровень a
001 Контрольный номер RU/CBS_UL/BASE/669899909
005 Дата корректировки 20240209175301.6
100 Данные общей обработки __
a Данные общей обработки 20210324d2021 ||| 0rusy0189 ca
101 Язык документа 0_
a Язык текста rus
102 Страна публикации __
a Страна публикации RU
105 Кодированные данные (монография) __
a Кодированные данные (монография) y###||||000|y
181 Поле кодированных данных: вид содержания _1
a Код вида содержания (ISBD) i#
b Код характеристики содержания (ISBD) #xxe##
d i
g x
h x
i e
2 Код системы (источник кода, отличный от ISBD) isbdcontent
182 Поле кодированных данных: тип средства _1
a Код типа средства (ISBD) n
2 Код системы (источник кода, отличный от ISBD) isbdmedia
200 Заглавие и сведения об ответственности 1_
a Заглавие Жизнь в масках
b Общее обозначение материала Текст
e Сведения, относящиеся к заглавию [ношение масок приводит к кислородной недостаточности]
f Первые сведения об ответственности С. Ю. Калинченко ; бесед. Н. Дальнева
w Текст (визуальный) : непосредственный
203 Вид содержания и тип средства __
a Вид содержания Текст
b Характеристика содержания визуальный
c Тип средства непосредственный
333 Примечание о целевом назначении __
a Примечание о целевом назначении 16+
461 Уровень набора _0
1 2000
a Женское здоровье
463 Уровень физической единицы _0
1 001RU/CBS_UL/BASE/669897819
1 2000
a № 3
v С. 6-8 : фото
1 210
d 2021
606 Тематические рубрики 0_
a Основная рубрика Гипоксия - Влияние на организм
610 Ключевые слова 0_
a Ключевые слова гипоксия
a Ключевые слова кислородная недостаточность
a Ключевые слова медицинские маски
a Ключевые слова маски медицинские
a Ключевые слова постковидные расстройства
a Ключевые слова дефицит железа в организме
a Ключевые слова железодефицитная анемия
a Ключевые слова анемия железодефицитная
a Ключевые слова дефицит витамина В12
a Ключевые слова Сидерал (лекарственные препараты)
686 Индексы других классификаций __
a Классификационный индекс 53.4
2 Код системы rubbk
700 Автор _1
a Фамилия Калинченко
b Имя (инициалы) С. Ю.
801 Источник записи _0
a Страна RU
b Организация МБУК ЦБС г. Ульяновска
c Дата составления 20210324
g Правила каталогизации RCR
801 Источник записи _1
a Страна RU
b Организация МБУК ЦБС г. Ульяновска
c Дата составления 20210324
g Правила каталогизации RCR
901 Тип документа __
t Тип документа b
w Контрольный № источника RU/CBS_UL/BASE/669897819
910 Корректоры записи __
a Корректор записи Библиотека 2
938 Служебная информация __
a Имя БД period